00747nam a2200193 a 450000100100000000500170001000800410002702000150006804000250008310000360010824500430014424600510018726000370023830000210027550000700029650400650036695201050043199900170053600004337720201002040847.0140312s2004 sp 000 0 spa d a8440660871 aDO-SdBNPbspacBNPHU1 aCotarelo, Ramónd1943-97103713aLa Conspiración /cRamón Cotarelo.14aLa Conspiración :bel golpe de estado difuso aMadrid :bEdiciones B.,c[202?]. a252 p. ;c23 cm. aIncluye datos biográficas del autor en la solapa de la cubierta aReferencias bibliográficas y notas al pie de las páginas 001050718MOaGRbGRcCTd2014-03-12iLF1l0o p43377-10r2020-06-25w2020-06-25y1ZNo se presta c42866d42866